000 00350pab a2200145 454500
008 180718b2001 xxu||||| |||| 00| 0 eng d
100 _aNavlakha, Gautam
245 _aWar as failure of imagination
260 _c2001
300 _ap.3811-813
362 _a6 Oct
650 _aTerrorism
773 _aEconomic and Political Weekly
909 _a50225
999 _c50225
_d50225